书目信息 |
| 题名: |
中国式宗教生态-青岩宗教多样性个案研究
|
|
| 作者: | 周大鸣 主编 | |
| 分册: | ||
| 出版信息: | 社会科学文献 2008.04 |
|
| 页数: | 544页 | |
| 开本: | ||
| 丛书名: | ||
| 单 册: | ||
| 中图分类: | B081 | |
| 科图分类: | ||
| 主题词: | 哲学学派 , 哲学学派--研究 | |
| 电子资源: | ||
| ISBN: | 978-7-80230-927-2 | |
| 000 | 00481nam0 2200181 45 | |
| 005 | 20080910142440.15 | |
| 010 | @a978-7-80230-927-2@dCNY65.00 | |
| 092 | @bLR | |
| 200 | 1 | @a中国式宗教生态-青岩宗教多样性个案研究@f周大鸣主编@Fzhou da ming zhu bian |
| 210 | @c社会科学文献@d2008.04 | |
| 215 | @a544页 | |
| 606 | 0 | @a哲学学派 |
| 606 | 0 | @a哲学学派@x研究 |
| 690 | @aB081@v4 | |
| 701 | 0 | @a周大鸣@Azhou da ming@4主编 |
| 801 | 0 | @c20080910 |
| 905 | @dB081@eZ754@f5 | |
| 906 | @cLR@dCNY65.00@n0@r1 | |
| 中国式宗教生态-青岩宗教多样性个案研究/周大鸣主编.-社会科学文献,2008.04 |
| 544页 |
| ISBN 978-7-80230-927-2:CNY65.00 |
| ● |
| 相关链接 |
|
|
|
正题名:中国式宗教生态-青岩宗教多样性个案研究
索取号:B081/Z754
 
预约/预借
| 序号 | 登录号 | 条形码 | 馆藏地/架位号 | 状态 | 备注 |
| 1 | 677066 | 206770662 | 社科库509/400A自科库 48排1列5层/ [索取号:B081/Z754] | 在馆 | |
| 2 | 677067 | 206770671 | 社科库509/400A自科库 48排1列5层/ [索取号:B081/Z754] | 在馆 | |
| 3 | 677068 | 206770680 | 社科库509/509社科库 7排3列4层/ [索取号:B081/Z754] | 在馆 |